004690000a220008500045001000017000002450054000173000052000715200244001237730016003671 aReeler, Doug10aCómo compartir la experiencia y aprender juntos aVol.0, núm.71 (Agosto, 2007), Páginas 12-13 aEl objetivo de Community Development Resource Association (CDRA) es ayudar a desarrollar la capacidad de las organizaciones con base en la comunidad que trabajan en desarrollo y en la transformación social en África oriental y del sur.0 tPaso a Paso